00341nam a2200109Ia 4500008004100000082000800041100001500049245005200064942000600116952009400122999001500216240331s9999 xx 000 0 und d bALL aAllen, R.E 4aThe concise oxford dctionary of current English cL 001040708LaWERCLbWERCLcSSCd2024-03-31l0o 423 ALLp697r2024-03-31w2024-03-31yL c3230d3230